Central Library OPAC University of Rajshahi

Commercial flowers / (Record no. 14553)

MARC details
000 -LEADER
fixed length control field 00654nam a2200241 a 4500
001 - CONTROL NUMBER
control field 14553
003 - CONTROL NUMBER IDENTIFIER
rucl marc code BD-RjUL
005 - DATE AND TIME OF LATEST TRANSACTION
control field 20211208235641.0
008 - FIXED-LENGTH DATA ELEMENTS--GENERAL INFORMATION
fixed length control field 140206s2002 ii |||| |||| 001 0 eng d
035 ## - SYSTEM CONTROL NUMBER
System control number (BD-RjUL)14606
040 ## - CATALOGING SOURCE
Original cataloging agency BD-RjUL
Language of cataloging eng
Transcribing agency BD-RjUL
Modifying agency BD-RjUL
041 ## - LANGUAGE CODE
Language code of text/sound track or separate title eng
082 04 - DEWEY DECIMAL CLASSIFICATION NUMBER
Edition number 23
Classification number 635.9
Author mark and year COM 2002
245 1# - TITLE STATEMENT
Title Commercial flowers /
Statement of responsibility, etc. T. K. Bose [at al....]
Name of part/section of a work
250 ## - EDITION STATEMENT
Edition statement 2nd rev. ed.
260 ## - PUBLICATION, DISTRIBUTION, ETC. (IMPRINT)
Place of publication, distribution, etc. Calcutta :
Name of publisher, distributor, etc. Naya Prokash,
Date of publication, distribution, etc. 2002.
300 ## - PHYSICAL DESCRIPTION
Pagination V. ;
Size 24 cm.
500 ## - GENERAL NOTE
General note includes index.
505 ## - FORMATTED CONTENTS NOTE
Formatted contents note V.-1--.V.-2--
650 1# - SUBJECT ADDED ENTRY--TOPICAL TERM
Topical term or geographic name as entry element Flowers and ornamental plants
9 (RLIN) 45382
700 1# - ADDED ENTRY--PERSONAL NAME
Personal name Bose, T. K.
942 ## - ADDED ENTRY ELEMENTS (KOHA)
Source of classification or shelving scheme Dewey Decimal Classification
Koha item type Books
Holdings
Lost status Source of classification or shelving scheme Damaged status Not for loan Collection code Permanent Location Current Location Shelving location Date acquired Source of acquisition Cost, normal purchase price Total Checkouts Full call number Date last seen Copy number Koha item type
  Dewey Decimal Classification     Non-fiction Central Library, University of Rajshahi Central Library, University of Rajshahi   27/07/2008 Dhaka Progan Enterprise 4500.00   635.9 COM V-1 2002 06/02/2014 C-2 Books
  Dewey Decimal Classification   Not For Loan Non-fiction Central Library, University of Rajshahi Central Library, University of Rajshahi Reading Room 08/12/2021 Paragon Enterprises, Dhaka 4500.00   635.9 COM V-2 2003 23/03/2017 C-1 Books
  Dewey Decimal Classification   Not For Loan Non-fiction Central Library, University of Rajshahi Central Library, University of Rajshahi Reading Room 08/12/2021 Paragon Enterprises, Dhaka 4500.00   635.9 COM V-1 2002 30/03/2017 C-1 Books
  Dewey Decimal Classification     Non-fiction Central Library, University of Rajshahi Central Library, University of Rajshahi   27/07/2008 Dhaka, Paragon Enterprises Ltd. 4500.00   635.9 COM V-2 2003 03/06/2017 C-2 Books